Komparácia vybraných zdrojov financovania diplomová práca

Saved in:
Bibliographic Details
Main Author: Nemček, Matúš
Corporate Author: Fakulta hospodárskej informatiky EU. Katedra účtovníctva a audítorstva
Other Authors: Mateášová, Martina, 1979-
Format: Book
Language:Slovak
Published: Bratislava 2018
Tags: Add Tag
No Tags, Be the first to tag this record!

MARC

LEADER 00000nbm a2200000 4500
001 0243496
005 20181108092111.6
041 0 |a slo 
044 |a SK 
245 1 0 |a Komparácia vybraných zdrojov financovania  |b diplomová práca  |c Matúš Nemček ; školiteľ: Martina Mateášová 
264 1 |a Bratislava  |c 2018 
300 |a 73 s. 
100 1 |a Nemček, Matúš 
700 1 |a Mateášová, Martina, 1979- 
710 2 |a Fakulta hospodárskej informatiky EU. Katedra účtovníctva a audítorstva